Rosamel del Valle: crónicas de New York

Bewaard in:
Bibliografische gegevens
Hoofdauteur: Zegers Blachet, Pedro Pablo (Auteur)
Formaat: Boek
Taal:Spaans
Gepubliceerd in: Santiago Dibam 2002
Reeks:Escritores de Chile, 13
Onderwerpen:
Tags: Voeg label toe
Geen labels, Wees de eerste die dit record labelt!

MARC

LEADER 00000nam a2200000 a 4500
001 UCL0634
003 CL-VaPUC
008 030801e20020000CL |||||||||||||||||spa|d
020 |a 9562440737 
082 0 4 |a Ch864  |b ZEG  |2 21 
100 0 |a Zegers Blachet, Pedro Pablo  |e author  |9 477316 
245 1 0 |a Rosamel del Valle: crónicas de New York 
300 |a 212 p 
942 |c BK 
945 |d 20030801 00:00:00  |a cmena 
260 |a Santiago  |b Dibam  |c 2002 
600 0 7 |a VALLE, ROSAMEL DEL  |2 CL-VaPUC  |9 430303 
650 0 |a Crónicas chilenas  |9 321511 
650 0 |a Literatura chilena   |9 308278 
583 |a last modification  |c 20030801 00:00:00  |k Rodrigo Vera 
490 0 |a Escritores de Chile, 13 
999 |c 304450  |d 304448 
952 |0 0  |1 0  |4 0  |6 CH_864_000000000000000_ZEG_2002  |7 0  |8 A  |9 366745  |a BIBHIS  |b BIBHIS  |d 2019-11-21  |i 3925978  |o Ch864 ZEG 2002  |p 3925978  |r 2025-01-20  |w 2019-11-21  |y BK  |k HIS